000 00306nam a22001337a 4500
008 190304b xxu||||| |||| 00| 0 eng d
020 _a0080178669
041 _aeng
080 _a621
100 _a26
101 _aIM
245 _aFundamental principles of heat transfer
_cWhitaker,S
942 _2udc
_cBK
999 _c54403
_d54403